[Event "DMP - II liga seniorow "]
[Site "Mrzezyno"]
[Date "2011.09.07"]
[Round "5"]
[White "Krasnodebska, Magdalena"]
[Black "Golek, Jagoda"]
[Result "0-1"]
[WhiteElo "2021"]
[BlackElo "2066"]
[PlyCount "68"]
[EventDate "2011.??.??"]

1. e4 c5 2. Nf3 a6 3. d4 cxd4 4. Nxd4 Nf6 5. Nc3 e5 6. Nf3 Bb4 7. Bc4 Qc7 8.
Qd3 d6 9. O-O Bxc3 10. bxc3 b5 11. Bb3 Nbd7 12. Ba3 Nc5 13. Qe3 O-O 14. Rfd1
Ncxe4 15. Bd5 Nxd5 16. Rxd5 Bb7 17. Rd3 Rfd8 18. Rad1 f6 19. Nh4 Nc5 20. R3d2
Rac8 21. Nf5 d5 22. Qh3 Qd7 23. Qg4 g6 24. Nh6+ Kg7 25. Qh4 Qe6 26. f3 Na4 27.
Re1 Rc4 28. g4 Rxc3 29. Nf5+ gxf5 30. gxf5 Qf7 31. Rg2+ Kh8 32. Bc1 Rdc8 33.
Ree2 d4 34. Rg3 Rg8 0-1

[Event "DMP - II liga seniorow "]
[Site "Mrzezyno"]
[Date "2011.09.07"]
[Round "5"]
[White "Urbanski, Grzegorz"]
[Black "Ciesla, Adam"]
[Result "1/2-1/2"]
[WhiteElo "2177"]
[BlackElo "2313"]
[PlyCount "104"]
[EventDate "2011.??.??"]

1. e4 e5 2. Nf3 Nc6 3. Bc4 Bc5 4. c3 Nf6 5. d4 exd4 6. e5 d5 7. Bb5 Ne4 8. cxd4
Bb6 9. Nc3 O-O 10. Be3 Bg4 11. Bxc6 bxc6 12. Qd3 Bf5 13. Qe2 f6 14. exf6 Qxf6
15. Ne5 Ba5 16. Rc1 c5 17. O-O cxd4 18. Bxd4 Bxc3 19. Bxc3 Rae8 20. f4 Qb6+ 21.
Kh1 g5 22. Qd1 Nf2+ 23. Rxf2 Qxf2 24. Qxd5+ Be6 25. Ng4 Qh4 26. Qe5 Re7 27.
Qh8+ Kf7 28. Qg7+ Ke8 29. Nf6+ Rxf6 30. Qxf6 Qxf4 31. Qh8+ Kd7 32. Rd1+ Kc6 33.
Bd2 Qd6 34. Qa8+ Kd7 35. Qxa7 Bd5 36. Qa4+ Qc6 37. Qg4+ Qe6 38. Qxg5 c6 39. Bb4
Rf7 40. Qd2 Kc8 41. Re1 Qf5 42. Kg1 h5 43. Qe2 Kb7 44. Rf1 Qxf1+ 45. Qxf1 Rxf1+
46. Kxf1 Bxa2 47. Kf2 Kc7 48. Kg3 Kd7 49. Kh4 Bf7 50. Kg5 Bd5 51. g3 Bf3 52. h3
Ke6 1/2-1/2

[Event "DMP - II liga seniorow "]
[Site "Mrzezyno"]
[Date "2011.09.07"]
[Round "5"]
[White "Klekowski, Maciej"]
[Black "Stanisz, Patryk"]
[Result "1-0"]
[WhiteElo "2271"]
[BlackElo "2191"]
[PlyCount "89"]
[EventDate "2011.??.??"]

1. c4 c6 2. g3 d5 3. Bg2 Nf6 4. Qc2 e5 5. Nf3 Bd6 6. O-O O-O 7. d3 Qe7 8. Bg5
Be6 9. Nfd2 Nbd7 10. Nc3 h6 11. Bxf6 Nxf6 12. cxd5 Nxd5 13. Nc4 Bc7 14. Rac1
Rad8 15. Rfd1 Kh8 16. a3 Nxc3 17. Qxc3 Bxc4 18. dxc4 f5 19. Bh3 g6 20. Qe3 Kh7
21. Qxa7 Bb8 22. Qb6 f4 23. Bg2 Bd6 24. b4 e4 25. Bxe4 fxg3 26. hxg3 h5 27. Bf3
h4 28. gxh4 Qxh4 29. Qxb7+ Kh8 30. Qxc6 Bf4 31. Rxd8 Qxd8 32. e3 Qg5+ 33. Kf1
Bxe3 34. Re1 Bd4 35. Ke2 Qf5 36. Qe4 Qf6 37. Rh1+ Kg7 38. Rd1 Bb2 39. Rd7+ Kh8
40. c5 Bxa3 41. Qd4 Bxb4 42. Qxf6+ Rxf6 43. c6 Re6+ 44. Kf1 Ba5 45. c7 1-0

[Event "DMP - II liga seniorow "]
[Site "Mrzezyno"]
[Date "2011.09.07"]
[Round "5"]
[White "Halamus, Agata"]
[Black "Pacak, Patrycja"]
[Result "0-1"]
[WhiteElo "2089"]
[BlackElo "1754"]
[PlyCount "106"]
[EventDate "2011.??.??"]

1. e4 Nc6 2. Nf3 e6 3. d4 d5 4. Nbd2 Nf6 5. e5 Nd7 6. c3 Ne7 7. Bd3 c5 8. Ng1
Nf5 9. Ne2 Qb6 10. Nf3 cxd4 11. cxd4 Bb4+ 12. Bd2 Be7 13. Qc2 f6 14. exf6 Nxf6
15. O-O O-O 16. Bf4 a6 17. Bc7 Qa7 18. a4 Bd7 19. Rfc1 Rac8 20. Qd2 Ng4 21. h3
Ngh6 22. Ne5 Bc6 23. Ba5 Nf7 24. Nxf7 Rxf7 25. Bb4 Bf6 26. Bc3 Nh4 27. Bc2 e5
28. dxe5 Bxe5 29. Bd4 Qb8 30. Bxe5 Qxe5 31. Nd4 Rcf8 32. Rf1 Bd7 33. Rae1 Qh5
34. Re3 Qg5 35. f4 Rxf4 36. Rxf4 Qxf4 37. Nf3 Nxf3+ 38. gxf3 Bxh3 39. Qxd5+ Kh8
40. Qe5 Qc4 41. Bd3 Qh4 42. Re4 Qh6 43. Qe7 Qg6+ 44. Rg4 Qb6+ 45. Kh1 Qf6 46.
Qxf6 Rxf6 47. Rd4 g6 48. Be4 Rb6 49. b4 Bf5 50. a5 Rb5 51. Bd5 Kg7 52. Kg2 Kf6
53. f4 Rxd5 0-1

[Event "DMP - II liga seniorow "]
[Site "Mrzezyno"]
[Date "2011.09.07"]
[Round "5"]
[White "Pacuszka, Tomasz"]
[Black "Krainski, Aleksander"]
[Result "1/2-1/2"]
[WhiteElo "2289"]
[BlackElo "2248"]
[PlyCount "61"]
[EventDate "2011.??.??"]

1. Nf3 d5 2. e3 Nf6 3. b3 e6 4. Bb2 Be7 5. Be2 O-O 6. O-O c5 7. d3 Nc6 8. Nbd2
d4 9. e4 e5 10. Ne1 g6 11. g3 Ne8 12. Ng2 Ng7 13. f4 Bh3 14. Bg4 Bxg2 15. Kxg2
f5 16. Bf3 exf4 17. gxf4 fxe4 18. Bxe4 Nf5 19. Bxf5 Rxf5 20. Ne4 Qd7 21. Qd2
Raf8 22. Rf2 b6 23. Raf1 a5 24. Ng3 Qd5+ 25. Kg1 R5f7 26. Qe2 Bh4 27. Bc1 Qd7
28. Qe4 Re8 29. Qg2 Ref8 30. Bd2 Ne7 31. Re2 1/2-1/2

[Event "DMP - II liga seniorow "]
[Site "Mrzezyno"]
[Date "2011.09.07"]
[Round "5"]
[White "Robak, Zbigniew"]
[Black "Kukula, Pawel"]
[Result "1/2-1/2"]
[WhiteElo "2245"]
[BlackElo "2240"]
[PlyCount "61"]
[EventDate "2011.??.??"]

1. e4 e5 2. Nf3 Nc6 3. Bb5 a6 4. Ba4 Nf6 5. O-O b5 6. Bb3 Be7 7. d4 exd4 8. e5
Ne4 9. Bd5 Nc5 10. Nxd4 Bb7 11. Nf5 Ne6 12. Bxe6 dxe6 13. Nxg7+ Kf8 14. Qxd8+
Rxd8 15. Nh5 h6 16. Be3 Nxe5 17. Nd2 Ng4 18. Nb3 Nxe3 19. fxe3 Rg8 20. Rf2 Bg5
21. Nf4 Bxf4 22. exf4 Ke7 23. Re1 Bd5 24. Rfe2 Bxb3 25. axb3 Rd5 26. g3 h5 27.
Re5 Rxe5 28. Rxe5 h4 29. Kf2 hxg3+ 30. hxg3 f5 31. Re2 1/2-1/2

[Event "DMP - II liga seniorow "]
[Site "Mrzezyno"]
[Date "2011.09.07"]
[Round "5"]
[White "Gajek, Radoslaw"]
[Black "Konieczynski, Piotr"]
[Result "1-0"]
[WhiteElo "2109"]
[BlackElo "1906"]
[PlyCount "39"]
[EventDate "2011.??.??"]

1. e4 e6 2. d4 d5 3. Nd2 c5 4. exd5 Qxd5 5. Ngf3 cxd4 6. Bc4 Qd6 7. O-O Nf6 8.
Nb3 Nc6 9. Nbxd4 Nxd4 10. Nxd4 a6 11. a4 Qc7 12. b3 Bd6 13. h3 O-O 14. Bb2 b6
15. Qe2 Bb7 16. Rad1 Rfe8 17. Rfe1 Bb4 18. Rf1 Bd5 19. Bxa6 Bc3 20. Nb5 1-0

[Event "DMP - II liga seniorow "]
[Site "Mrzezyno"]
[Date "2011.09.07"]
[Round "5"]
[White "Katafiasz, Tomasz"]
[Black "Zwolakiewicz, Krzysztof"]
[Result "1/2-1/2"]
[WhiteElo "1905"]
[BlackElo "2119"]
[PlyCount "62"]
[EventDate "2011.??.??"]

1. Nf3 Nf6 2. c4 e6 3. Nc3 b6 4. g3 Bb7 5. Bg2 Bb4 6. Qc2 O-O 7. O-O Bxc3 8.
Qxc3 d6 9. b3 Nbd7 10. Bb2 c5 11. d3 Qc7 12. Rac1 Rac8 13. Rfd1 Rfd8 14. e3 Qb8
15. Qe1 Qa8 16. Nh4 g5 17. Bxb7 Qxb7 18. Ng2 Qf3 19. Rd2 Ne5 20. d4 Ng6 21. Qd1
Qxd1+ 22. Rdxd1 cxd4 23. Rxd4 e5 24. Rdd1 Ne4 25. f3 Nc5 26. Rd2 Rd7 27. Rcd1
Rcd8 28. Kf2 g4 29. Ba3 gxf3 30. Bxc5 bxc5 31. Kxf3 Ne7 1/2-1/2

[Event "DMP - II liga seniorow "]
[Site "Mrzezyno"]
[Date "2011.09.07"]
[Round "5"]
[White "Krainski, Slawomir"]
[Black "Maksimenko, Andrei Jr"]
[Result "1/2-1/2"]
[WhiteElo "2092"]
[BlackElo "1811"]
[PlyCount "32"]
[EventDate "2011.??.??"]

1. e4 e5 2. Nf3 Nc6 3. Bb5 a6 4. Bxc6 dxc6 5. O-O Bg4 6. h3 Bxf3 7. Qxf3 Qd7 8.
d3 O-O-O 9. Be3 f6 10. Nd2 c5 11. a4 Bd6 12. Nb3 Qc6 13. Na5 Qd7 14. Nb3 Qc6
15. Na5 Qd7 16. Nb3 Qc6 1/2-1/2

[Event "DMP - II liga seniorow "]
[Site "Mrzezyno"]
[Date "2011.09.07"]
[Round "5"]
[White "Weglarz, Joanna"]
[Black "Filipek, Halina"]
[Result "1-0"]
[WhiteElo "1992"]
[BlackElo "1729"]
[PlyCount "43"]
[EventDate "2011.??.??"]

1. Nf3 d5 2. d4 Nf6 3. Bf4 e6 4. e3 Be7 5. Bd3 O-O 6. Ne5 Nbd7 7. O-O Ne4 8.
Nd2 Nxd2 9. Qxd2 Nxe5 10. Bxe5 Bd6 11. Bxd6 Qxd6 12. c4 dxc4 13. Bxc4 Bd7 14.
Rac1 Bc6 15. b4 Bd5 16. Bxd5 Qxd5 17. Rxc7 Rac8 18. Rfc1 Rxc7 19. Rxc7 Rd8 20.
Qc2 Qh5 21. Rc8 Qg5 22. Qc7 1-0

[Event "DMP - II liga seniorow "]
[Site "Mrzezyno"]
[Date "2011.09.07"]
[Round "5"]
[White "Banasik, Krzysztof"]
[Black "Zeberski, Jakub"]
[Result "1-0"]
[WhiteElo "2241"]
[BlackElo "2374"]
[PlyCount "112"]
[EventDate "2011.??.??"]

1. e4 c5 2. Nf3 d6 3. c4 e5 4. Nc3 Nc6 5. d3 g6 6. g3 Bg7 7. Bg2 Nge7 8. O-O
O-O 9. Ng5 h6 10. Nh3 Be6 11. f4 Qd7 12. Nf2 a6 13. Nd5 Qd8 14. f5 Bxd5 15.
cxd5 Nd4 16. Ng4 gxf5 17. Nxh6+ Bxh6 18. Bxh6 f6 19. Bxf8 Qxf8 20. Qh5 Qf7 21.
Qxf7+ Kxf7 22. Rf2 f4 23. Raf1 Ng6 24. Bh3 Rg8 25. Kh1 Rh8 26. Kg2 f3+ 27. Rxf3
Nxf3 28. Rxf3 b5 29. Be6+ Kg7 30. h4 a5 31. Bd7 b4 32. Rf1 Ne7 33. Kh3 Rd8 34.
Be6 Ra8 35. h5 Rf8 36. Kh4 Rh8 37. Kg4 Rf8 38. Bf5 Ng8 39. Kh4 Ne7 40. Rf2 Kh6
41. Be6 Kg7 42. Kg4 Rh8 43. Rf1 Rf8 44. Ra1 Ra8 45. Bd7 Rd8 46. Bf5 Ra8 47. h6+
Kh8 48. Be6 Rf8 49. Rf1 Kh7 50. Kh5 Ng8 51. g4 Nxh6 52. g5 Ng8 53. Bxg8+ Rxg8
54. Rxf6 Rd8 55. g6+ Kg7 56. Rf7+ Kg8 1-0

[Event "DMP - II liga seniorow "]
[Site "Mrzezyno"]
[Date "2011.09.07"]
[Round "5"]
[White "Galazewski, Tomasz"]
[Black "Tustanowski, Robert"]
[Result "1/2-1/2"]
[WhiteElo "2255"]
[BlackElo "2274"]
[PlyCount "61"]
[EventDate "2011.??.??"]

1. Nf3 Nf6 2. g3 b5 3. Bg2 Bb7 4. O-O e6 5. d3 d5 6. Nbd2 c5 7. e4 Be7 8. exd5
exd5 9. d4 c4 10. Re1 O-O 11. Ne5 Nbd7 12. Ndf3 Ne4 13. Nxd7 Qxd7 14. Ne5 Qc7
15. Ng4 Rfe8 16. Bf4 Bd6 17. f3 Nf6 18. Nxf6+ gxf6 19. Bxd6 Qxd6 20. Qd2 Kg7
21. f4 b4 22. f5 Rxe1+ 23. Rxe1 Bc6 24. Qf4 Qxf4 25. gxf4 Kf8 26. Kf2 Re8 27.
Ra1 a5 28. a3 Ra8 29. axb4 axb4 30. Rxa8+ Bxa8 31. b3 1/2-1/2

[Event "DMP - II liga seniorow "]
[Site "Mrzezyno"]
[Date "2011.09.07"]
[Round "5"]
[White "Siekaniec, Jan"]
[Black "Goluch, Piotr"]
[Result "0-1"]
[WhiteElo "2160"]
[BlackElo "2155"]
[PlyCount "66"]
[EventDate "2011.??.??"]

1. Nf3 Nf6 2. g3 g6 3. Bg2 Bg7 4. O-O O-O 5. d3 d6 6. e4 c5 7. Ne1 Nc6 8. f4
Nd7 9. Nd2 Rb8 10. h4 Nf6 11. c3 Bg4 12. Bf3 h5 13. Ng2 Bxf3 14. Qxf3 Ng4 15.
Ne3 Nd4 16. cxd4 Nxe3 17. dxc5 dxc5 18. e5 Nxf1 19. Kxf1 Qd7 20. Ne4 Rbc8 21.
Bd2 f6 22. exf6 exf6 23. Bc3 f5 24. Nf2 Bd4 25. Rc1 Rfe8 26. Nd1 Rc6 27. Bd2
Rce6 28. Nc3 b6 29. Re1 Rxe1+ 30. Bxe1 Re3 31. Qa8+ Kg7 32. Nd5 Rxd3 33. Ke2 c4
0-1

[Event "DMP - II liga seniorow "]
[Site "Mrzezyno"]
[Date "2011.09.07"]
[Round "5"]
[White "Szczesniak, Konrad"]
[Black "Grzeskow, Adrian"]
[Result "1/2-1/2"]
[WhiteElo "2193"]
[BlackElo "1874"]
[PlyCount "71"]
[EventDate "2011.??.??"]

1. d4 Nf6 2. c4 c5 3. Nf3 cxd4 4. Nxd4 g6 5. Nc3 Bg7 6. e4 d6 7. Be2 O-O 8. Be3
Nc6 9. Qd2 Ng4 10. Bxg4 Bxg4 11. O-O Rc8 12. f3 Bd7 13. b3 Qa5 14. Rac1 Nxd4
15. Bxd4 Bxd4+ 16. Qxd4 Qc5 17. Qxc5 Rxc5 18. Nd5 Re8 19. Rfe1 Kf8 20. e5 dxe5
21. Rxe5 Be6 22. b4 Rc6 23. Ne3 Rec8 24. Re4 Rd8 25. c5 b6 26. Nc4 bxc5 27. b5
Rc7 28. Ne5 Bxa2 29. Nc6 Rd5 30. Ra4 Bb3 31. Ra3 c4 32. Nxa7 Rb7 33. Ra6 Rd6
34. Ra5 Rbd7 35. Nc6 Rb7 36. Na7 1/2-1/2

[Event "DMP - II liga seniorow "]
[Site "Mrzezyno"]
[Date "2011.09.07"]
[Round "5"]
[White "Starczewska, Dominika"]
[Black "Buksa, Ewelina"]
[Result "1-0"]
[WhiteElo "1910"]
[BlackElo "1562"]
[PlyCount "65"]
[EventDate "2011.??.??"]

1. e4 e6 2. Nf3 d5 3. Nc3 dxe4 4. Nxe4 Bd7 5. d4 Bc6 6. Bd3 Nd7 7. c3 Ngf6 8.
Bg5 Be7 9. Qc2 Nxe4 10. Bxe7 Qxe7 11. Bxe4 Bxe4 12. Qxe4 c6 13. O-O O-O 14.
Rae1 Rfe8 15. Qg4 Nf6 16. Qg3 Rad8 17. Re5 Rd5 18. Rfe1 Red8 19. h3 h6 20. Nh4
Qf8 21. f4 Rxe5 22. dxe5 Nd5 23. f5 exf5 24. Nxf5 Kh8 25. Rf1 Rd7 26. Nd6 Re7
27. e6 f6 28. Qg6 Rxe6 29. Nf7+ Kg8 30. Nxh6+ Kh8 31. Nf7+ Kg8 32. Ng5 Qc5+ 33.
Kh1 1-0

[Event "DMP - II liga seniorow "]
[Site "Mrzezyno"]
[Date "2011.09.07"]
[Round "5"]
[White "Licznerski, Lukasz"]
[Black "Barglowski, Filip"]
[Result "1-0"]
[WhiteElo "2180"]
[BlackElo "2347"]
[PlyCount "73"]
[EventDate "2011.??.??"]

1. e4 Nf6 2. e5 Nd5 3. d4 d6 4. Nf3 dxe5 5. Nxe5 Nd7 6. Bc4 Nxe5 7. dxe5 c6 8.
Nc3 Be6 9. Nxd5 Bxd5 10. Bxd5 Qxd5 11. Qxd5 cxd5 12. Be3 e6 13. Kd2 b6 14. Rhc1
Bc5 15. c3 Kd7 16. c4 Rac8 17. cxd5 exd5 18. Kd3 f6 19. exf6 gxf6 20. Re1 Rhe8
21. Rac1 Re6 22. Re2 d4 23. Bd2 Rxe2 24. Kxe2 a5 25. Kd3 Kd6 26. Re1 Kd5 27.
Re4 Rc7 28. Rh4 Rg7 29. Rh5+ Ke6 30. g3 a4 31. b4 axb3 32. axb3 Ra7 33. b4 Ra3+
34. Kc4 Bd6 35. Kxd4 Ra2 36. Kd3 Ra3+ 37. Kc4 1-0

[Event "DMP - II liga seniorow "]
[Site "Mrzezyno"]
[Date "2011.09.07"]
[Round "5"]
[White "Brzezinski, Mateusz"]
[Black "Plichta, Kamil"]
[Result "1/2-1/2"]
[WhiteElo "2017"]
[BlackElo "2177"]
[PlyCount "97"]
[EventDate "2011.??.??"]

1. c4 e6 2. d4 b6 3. Nf3 Bb7 4. a3 Nf6 5. Nc3 Be7 6. d5 O-O 7. e4 d6 8. Bd3 e5
9. O-O Bc8 10. Ne1 Nbd7 11. Qe2 Re8 12. Bc2 Nf8 13. Nd3 Ng6 14. b4 Nd7 15. Be3
Rf8 16. Rac1 Bg5 17. f3 Nf4 18. Nxf4 exf4 19. Bd4 Bf6 20. Qd2 Bxd4+ 21. Qxd4
Re8 22. Ne2 g5 23. Ba4 a5 24. Bxd7 Bxd7 25. c5 axb4 26. cxd6 cxd6 27. Qxb4 Kg7
28. Qxd6 Bb5 29. Qb4 Bxe2 30. Qb2+ Qf6 31. Qxe2 Rxa3 32. Rfd1 Qe5 33. d6 Rc3
34. Rxc3 Qxc3 35. e5 Qc5+ 36. Kh1 Qe3 37. Qb2 Kg6 38. Qc2+ f5 39. exf6+ Kxf6
40. h4 g4 41. d7 Rd8 42. fxg4 Qe7 43. Qf5+ Kg7 44. g5 Qf7 45. Qe5+ Kg8 46. Qc7
Qe7 47. Qxb6 Rxd7 48. Rxd7 Qe1+ 49. Kh2 1/2-1/2

[Event "DMP - II liga seniorow "]
[Site "Mrzezyno"]
[Date "2011.09.07"]
[Round "5"]
[White "Dobrowolski, Marcin"]
[Black "Stoppel, Mariusz"]
[Result "1/2-1/2"]
[WhiteElo "1955"]
[BlackElo "2069"]
[PlyCount "65"]
[EventDate "2011.??.??"]

1. d4 d5 2. Nf3 Nf6 3. Bf4 c6 4. c3 g6 5. e3 Bg7 6. h3 Bf5 7. Be2 O-O 8. O-O
Nbd7 9. a4 Bxb1 10. Rxb1 Ne4 11. Qc2 f6 12. b4 e5 13. Bh2 Qe7 14. c4 Rac8 15.
Rfc1 Nd6 16. Qb3 dxc4 17. Bxc4+ Kh8 18. dxe5 Nxe5 19. Nxe5 fxe5 20. Rd1 Qf6 21.
Rb2 Rcd8 22. Bf1 Ne4 23. f3 Rxd1 24. Qxd1 Nc3 25. Qb3 e4 26. Rf2 Qg5 27. f4 Qe7
28. Bg3 h6 29. Rc2 Nd5 30. Bf2 Kh7 31. Bc4 Nxb4 32. Rc1 Nd3 33. Rd1 1/2-1/2

[Event "DMP - II liga seniorow "]
[Site "Mrzezyno"]
[Date "2011.09.07"]
[Round "5"]
[White "Gomulka, Jaroslaw"]
[Black "Staroszczyk, Mateusz"]
[Result "1/2-1/2"]
[WhiteElo "2105"]
[BlackElo "2053"]
[PlyCount "60"]
[EventDate "2011.??.??"]

1. c4 f5 2. Nc3 Nf6 3. g3 e6 4. Bg2 Bb4 5. d4 O-O 6. e3 Nc6 7. Nge2 Qe7 8. O-O
Bxc3 9. Nxc3 d6 10. e4 e5 11. d5 Nd8 12. Qc2 f4 13. gxf4 exf4 14. Bxf4 Nxe4 15.
Rae1 Rxf4 16. Rxe4 Rxe4 17. Bxe4 Bh3 18. Re1 Qg5+ 19. Kh1 Nf7 20. Re3 Qh4 21.
Bxh7+ Kh8 22. Bf5 Bxf5 23. Qxf5 Qxc4 24. Rh3+ Nh6 25. Kg2 Re8 26. Rxh6+ gxh6
27. Qf6+ Kg8 28. Qg6+ Kf8 29. Qf6+ Kg8 30. Qg6+ Kf8 1/2-1/2

[Event "DMP - II liga seniorow "]
[Site "Mrzezyno"]
[Date "2011.09.07"]
[Round "5"]
[White "Maciaga, Marcin"]
[Black "Stepien, Marcin"]
[Result "1-0"]
[WhiteElo "2241"]
[BlackElo "2132"]
[PlyCount "45"]
[EventDate "2011.??.??"]

1. d4 d5 2. c4 c6 3. Nf3 Nf6 4. Nc3 Bf5 5. cxd5 cxd5 6. Qb3 Qb6 7. Qxb6 axb6 8.
Bf4 e6 9. e3 Bb4 10. Bb5+ Ke7 11. O-O Nbd7 12. Rfc1 Rhc8 13. Nh4 Bg6 14. Nxg6+
hxg6 15. a3 Bxc3 16. Rxc3 Ne4 17. Rc7 Rxc7 18. Bxc7 Nd6 19. Bxd6+ Kxd6 20. Rc1
Nb8 21. Rc8 Ra5 22. Rxb8 Rxb5 23. b4 1-0

[Event "DMP - II liga seniorow "]
[Site "Mrzezyno"]
[Date "2011.09.07"]
[Round "5"]
[White "Zdziarska, Lidia"]
[Black "Krasiewicz, Robert"]
[Result "0-1"]
[WhiteElo "1939"]
[BlackElo "2065"]
[PlyCount "68"]
[EventDate "2011.??.??"]

1. e4 d5 2. Nc3 d4 3. Nce2 e5 4. d3 Bd6 5. f4 Nc6 6. f5 g6 7. fxg6 hxg6 8. Nf3
Bg4 9. Ng3 Qd7 10. Be2 Bb4+ 11. Bd2 Bxd2+ 12. Qxd2 O-O-O 13. O-O-O Nh6 14. h3
Be6 15. Kb1 f5 16. Ng5 Bg8 17. exf5 gxf5 18. Rdf1 Rf8 19. Bf3 Bd5 20. h4 Bxf3
21. gxf3 f4 22. N3e4 Nf5 23. h5 Rh6 24. Rh3 Qe8 25. Rfh1 Rfh8 26. Qg2 Ne3 27.
Qh2 Nb4 28. a3 Nbxc2 29. Rc1 Nxa3+ 30. bxa3 Rb6+ 31. Ka2 Qb5 32. Nc5 Nd5 33.
Qc2 Nc3+ 34. Ka1 Qxc5 0-1

[Event "DMP - II liga seniorow "]
[Site "Mrzezyno"]
[Date "2011.09.07"]
[Round "5"]
[White "Wierzbicka, Wiktoria"]
[Black "Krokay, Urszula"]
[Result "1-0"]
[WhiteElo "2023"]
[BlackElo "1887"]
[PlyCount "51"]
[EventDate "2011.??.??"]

1. e4 e5 2. Nf3 Nc6 3. Bb5 a6 4. Ba4 Nf6 5. O-O Be7 6. Re1 b5 7. Bb3 O-O 8. c3
d5 9. d4 dxe4 10. Nxe5 Na5 11. Bc2 c5 12. Bg5 Bb7 13. dxc5 Bxc5 14. b4 Bd6 15.
Ng4 Nc4 16. Nxf6+ gxf6 17. Bh6 f5 18. Bxf8 Qxf8 19. Qh5 Bc8 20. Qg5+ Kh8 21.
Bb3 Be7 22. Qh5 Ne5 23. Bd5 Ra7 24. Bxe4 Bf6 25. Bxf5 Qg7 26. Bxc8 1-0

[Event "DMP - II liga seniorow "]
[Site "Mrzezyno"]
[Date "2011.09.07"]
[Round "5"]
[White "Plonczak, Dominik"]
[Black "Drozdzynski, Daniel"]
[Result "1-0"]
[WhiteElo "2160"]
[BlackElo "2000"]
[PlyCount "45"]
[EventDate "2011.??.??"]

1. Nf3 d6 2. d4 Nf6 3. g3 g6 4. Bg2 Bg7 5. O-O O-O 6. c4 c5 7. Nc3 a6 8. dxc5
dxc5 9. Be3 Nbd7 10. h3 Qc7 11. Qb3 Rb8 12. Rfd1 b6 13. Nd5 Nxd5 14. cxd5 Ne5
15. Nd2 Bb7 16. Rac1 Nd7 17. Qc2 a5 18. Ne4 Rbd8 19. Bg5 Nf6 20. d6 Qd7 21.
dxe7 Qxe7 22. Nxf6+ Kh8 23. Bxb7 1-0

[Event "DMP - II liga seniorow "]
[Site "Mrzezyno"]
[Date "2011.09.07"]
[Round "5"]
[White "Hanusek, Sebastian"]
[Black "Bartkowiak, Damian"]
[Result "0-1"]
[WhiteElo "2028"]
[BlackElo "2119"]
[PlyCount "116"]
[EventDate "2011.??.??"]

1. e4 c6 2. d4 d5 3. Nc3 dxe4 4. Nxe4 Bf5 5. Ng3 Bg6 6. h4 h6 7. Nf3 Nd7 8. h5
Bh7 9. Bd3 Bxd3 10. Qxd3 Ngf6 11. Bf4 Qa5+ 12. Bd2 Qc7 13. O-O-O e6 14. Ne4
O-O-O 15. g3 Nc5 16. Nxc5 Bxc5 17. Bf4 Bd6 18. Be5 Bxe5 19. Nxe5 c5 20. Qc4 Rd5
21. f4 a6 22. dxc5 Rxc5 23. Qe2 Nd5 24. Rd4 Kb8 25. Rc4 Rxc4 26. Qxc4 Qxc4 27.
Nxc4 Rc8 28. Ne5 Nb4 29. c3 f6 30. Nd7+ Ka7 31. Kb1 Nd5 32. Re1 Rc6 33. Nf8 Nc7
34. f5 exf5 35. Re7 f4 36. gxf4 Nd5 37. Re4 f5 38. Re5 Nxf4 39. Rxf5 Rf6 40.
Rxf6 gxf6 41. Kc2 Nxh5 42. Kd3 Ng3 43. Ke3 h5 44. Ng6 Nf5+ 45. Kf3 b6 46. Nf4
Ng7 47. Kg3 Kb7 48. Kh4 Kc6 49. c4 Kc5 50. b3 a5 51. Nd3+ Kd4 52. Nb2 f5 53.
Na4 f4 54. Nxb6 Nf5+ 55. Kh3 f3 56. Kh2 h4 57. Nd7 Ne3 58. Kg1 h3 0-1

[Event "DMP - II liga seniorow "]
[Site "Mrzezyno"]
[Date "2011.09.07"]
[Round "5"]
[White "Przybylski, Bartosz"]
[Black "Wesolowski, Edgar"]
[Result "1/2-1/2"]
[WhiteElo "2099"]
[BlackElo "1960"]
[PlyCount "72"]
[EventDate "2011.??.??"]

1. e4 c5 2. Nf3 d6 3. Bc4 Nc6 4. Nc3 Nf6 5. O-O g6 6. h3 Bg7 7. d3 O-O 8. Re1
a6 9. a4 Qc7 10. Bf4 e6 11. Qd2 Nd7 12. Bh6 Nde5 13. Nxe5 Nxe5 14. Bxg7 Kxg7
15. Bb3 Bd7 16. d4 Nc6 17. Ne2 b5 18. dxc5 dxc5 19. Red1 Rad8 20. axb5 axb5 21.
Qc3+ Qe5 22. Qxe5+ Nxe5 23. f4 Nc6 24. c4 Nb4 25. Ra7 Bc6 26. Rxd8 Rxd8 27.
cxb5 Bxb5 28. Nc3 c4 29. Ba4 Bxa4 30. Rxa4 Rb8 31. Nd1 Nd3 32. Rxc4 Nxb2 33.
Nxb2 Rxb2 34. Kh2 h5 35. h4 Rb3 36. e5 Kf8 1/2-1/2

[Event "DMP - II liga seniorow "]
[Site "Mrzezyno"]
[Date "2011.09.07"]
[Round "5"]
[White "Rusinski, Mateusz"]
[Black "Duszczak, Dariusz"]
[Result "1-0"]
[WhiteElo "1904"]
[BlackElo "2039"]
[PlyCount "92"]
[EventDate "2011.??.??"]

1. e4 c6 2. d4 d5 3. Nc3 dxe4 4. Nxe4 Bf5 5. Ng3 Bg6 6. Nf3 Nd7 7. Bd3 Bxd3 8.
Qxd3 e6 9. O-O Qc7 10. c3 Ngf6 11. Re1 h6 12. Bd2 O-O-O 13. a4 g5 14. Qe2 Bg7
15. a5 Rhg8 16. a6 b6 17. b4 Nd5 18. Rad1 Nf4 19. Bxf4 gxf4 20. Nh5 Nf6 21.
Nxg7 Rxg7 22. Qe5 Qxe5 23. Nxe5 Kc7 24. c4 Rdg8 25. g3 fxg3 26. fxg3 Ng4 27. d5
Nxe5 28. Rxe5 Rd8 29. Kg2 Rg6 30. dxe6 Rxe6 31. Rxe6 fxe6 32. Rxd8 Kxd8 33. Kf3
Ke7 34. Ke4 Kf6 35. g4 Kg5 36. Ke5 Kxg4 37. Kxe6 Kh3 38. Kd6 c5 39. bxc5 bxc5
40. Kc6 Kxh2 41. Kb7 h5 42. Kxa7 h4 43. Kb6 h3 44. a7 Kg1 45. a8=Q h2 46. Kxc5
h1=Q 1-0

[Event "DMP - II liga seniorow "]
[Site "Mrzezyno"]
[Date "2011.09.07"]
[Round "5"]
[White "Plonczak, Mateusz"]
[Black "Anglart, Edward"]
[Result "0-1"]
[WhiteElo "1966"]
[BlackElo "1858"]
[PlyCount "92"]
[EventDate "2011.??.??"]

1. d4 d5 2. c4 e6 3. Nc3 Nf6 4. Bg5 Nbd7 5. Nf3 Be7 6. e3 O-O 7. Bd3 c6 8. O-O
h6 9. Bh4 b6 10. cxd5 Nxd5 11. Bxe7 Qxe7 12. Nxd5 cxd5 13. Qb3 Bb7 14. Rac1
Rfc8 15. Bb5 Nf6 16. Ne5 Qd6 17. a4 Rc7 18. Rxc7 Qxc7 19. f3 Rc8 20. Bd3 Nd7
21. Nxd7 Qxd7 22. Ra1 Bc6 23. Bb5 Bxb5 24. axb5 Rc4 25. h3 g6 26. Kh1 Kg7 27.
Kg1 Qc7 28. f4 g5 29. fxg5 hxg5 30. Qd1 Rc2 31. Rxa7 Rxg2+ 32. Kxg2 Qxa7 33.
Qg4 Qe7 34. h4 Kh6 35. h5 Qb4 36. Qe2 Qc4 37. Qf3 f5 38. Qg3 Qa4 39. Kg1 Qd1+
40. Kg2 Qg4 41. Qxg4 fxg4 42. Kf2 Kxh5 43. Kg3 Kg6 44. Kxg4 Kf6 45. Kg3 Kf5 46.
Kf3 g4+ 0-1

[Event "DMP - II liga seniorow "]
[Site "Mrzezyno"]
[Date "2011.09.07"]
[Round "5"]
[White "Wesolowska, Katarzyna"]
[Black "Huchwajda, Katarzyna"]
[Result "0-1"]
[WhiteElo "1765"]
[BlackElo "1854"]
[PlyCount "92"]
[EventDate "2011.??.??"]

1. e4 c5 2. c3 d6 3. d4 Nf6 4. Bd3 e6 5. Nf3 Be7 6. Bf4 Nh5 7. Be3 Nf6 8. O-O
O-O 9. Qc2 h6 10. h3 Kh8 11. Qc1 Ng8 12. Rd1 cxd4 13. cxd4 d5 14. e5 Nc6 15. a3
Bd7 16. Nc3 Rc8 17. Qd2 Na5 18. Bc2 Nc4 19. Qd3 g6 20. Bc1 Qc7 21. a4 Na3 22.
Bb3 Nc4 23. Rf1 a6 24. Bd1 b5 25. Nh2 bxa4 26. Nxa4 Bb5 27. Qg3 Bb4 28. Kh1 Qa5
29. Rg1 Bd2 30. Bxd2 Nxd2 31. Qe3 Qb4 32. b3 Ne4 33. Nf3 Kg7 34. g3 Ne7 35. g4
Rc6 36. Kg2 Rfc8 37. Qe1 Qxe1 38. Rxe1 Bxa4 39. bxa4 Rb6 40. Be2 Rc2 41. a5
Rbb2 42. Kf1 Nc3 43. Ng1 Nc6 44. Rac1 Nxd4 45. Rxc2 Nxc2 46. Ra1 Nxa1 0-1

[Event "DMP - II liga seniorow "]
[Site "Mrzezyno"]
[Date "2011.09.07"]
[Round "5"]
[White "Bielinski, Dariusz"]
[Black "Sendera, Jaroslaw"]
[Result "1-0"]
[WhiteElo "2211"]
[BlackElo "2318"]
[PlyCount "81"]
[EventDate "2011.??.??"]

1. e4 c5 2. Nf3 d6 3. d4 cxd4 4. Nxd4 Nf6 5. f3 Nc6 6. Nc3 e5 7. Nb3 Be7 8. Be3
O-O 9. Bc4 Be6 10. Nd5 Bxd5 11. Bxd5 Nxd5 12. Qxd5 a5 13. a4 Nb4 14. Qd2 d5 15.
c3 d4 16. cxd4 Rc8 17. O-O Rc2 18. Qd1 Bg5 19. Bf2 Qb6 20. Nc5 Rd8 21. f4 Bxf4
22. Qf3 exd4 23. Qxf4 Qxc5 24. Rad1 f6 25. b3 Qe5 26. Qg4 d3 27. Kh1 d2 28. Bg3
Qc5 29. Qe6+ Kh8 30. e5 Qd5 31. Qe7 Nc6 32. Qxb7 Nxe5 33. Qb6 h6 34. Rxf6 Rc1
35. Rff1 Qd3 36. Rxc1 dxc1=Q 37. Rxc1 Ng4 38. Qxa5 Rf8 39. Qc5 Rf5 40. Qc4 Qe3
41. Qc8+ 1-0